00564nam a2200205 a 4500001001300000003000900013005001700022008004100039020002300080082001300103100001600116245003800132260005500170300000900225500003500234505003100269650001700300650002500317700001600342nice12345678IN_TiNIC20260116013704.0050524s1992 newa grp 000 0 eng  a8121545 c55000a958bBAR aBarthold, W aTurkestan Down to Mongol Invasion aNew Delhi bMunshiram Manoharlal Publishers c1992 a973p aincludes index and biblioraphy2 aReferences, Gerneral Index aTurkmenistan aCentral Asia-History1 aBarthold, W